| 000 | 00550nam a22001817a 4500 | ||
|---|---|---|---|
| 003 | OSt | ||
| 005 | 20140310181749.0 | ||
| 008 | 130625t xxu||||| |||| 00| 0 eng d | ||
| 020 | _a1904534538 | ||
| 050 |
_aQA 43 _b.L933 2004 |
||
| 082 |
_aIB 510 _bL96 2004 |
||
| 100 |
_aLucas, Ian _914654 |
||
| 245 |
_aIB mathematics : _busing the TI - series calculators; all levels - 2006 syllabus. _cIan Lucas and Pat Roby. |
||
| 260 |
_aUnited Kingdom : _bOSC Publishing, _cc2004 |
||
| 300 |
_a45 p. ; _bill. ; _c30 cm. |
||
| 541 | _g17122 | ||
| 942 |
_2lcc _cIB _kQA |
||
| 999 |
_c3109 _d3109 |
||